00799nam a22002173 45000010005000000030008000050050017000130080039000300350018000690400027000870410008001140820022001221000036001442450064001802600093002443000026003375000084003635040036004476500055004837100043005388056BD-RjUL20211208234521.0140116r19461945nyu b 001 0 eng a(BD-RjUL)8101 aDLCcDLCbengdBD-RjUL aeng04a506.273bBAS 19461 aBates, Ralph S.q(Ralph Samuel)10aScientific societies in the United States /cRalph S. Bates aNew York :bJ. Wiley & sons,inc,aLondon :bChapman & Hall, ltd.,cc1945 [reprint 1946]. avii, 246 p. ;c22 cm. a"A publication of the Technology Press, Massachusetts Institute of Technology." aInclude bibliography and index. 0aLearned institutions and societieszUnited States.2 aMassachusetts Institute of Technology.